书目信息 |
| 题名: |
女人的起源
|
|
| 作者: | 摩根 著 ;刘筠 译 | |
| 分册: | ||
| 出版信息: | 北京 生活·读书·新知三联书店 2016 |
|
| 页数: | 244页 | |
| 开本: | 23cm | |
| 丛书名: | 新知文库 | |
| 单 册: | ||
| 中图分类: | C913.68 | |
| 科图分类: | ||
| 主题词: | 妇女问题--Fu Nv Wen Ti--研究 | |
| 电子资源: | ||
| ISBN: | 978-7-108-05689-4 | |
| 000 | 01415nam 2200325 450 | |
| 001 | 1967784397 | |
| 005 | 20161215093426.5 | |
| 010 | @a978-7-108-05689-4@dCNY 32.00 | |
| 099 | @aCAL 012016160769 | |
| 100 | @a20161117d2016 em y0chiy50 ea | |
| 101 | 1 | @achi@ceng |
| 102 | @aCN@b110000 | |
| 105 | @ay a 000yy | |
| 200 | 1 | @a女人的起源@Anv ren de qi yuan@f(英) 伊莲·摩根著@g刘筠译 |
| 210 | @a北京@c生活·读书·新知三联书店@d2016 | |
| 215 | @a244页@d23cm | |
| 225 | 2 | @a新知文库@Axin zhi wen ku@v68 |
| 312 | @a英文并列题名取自封面 | |
| 314 | @a伊莲·摩根 (Elaine Morgan)(1920-2013),生于英国威尔士,毕业于牛津大学玛格丽特夫人学堂。她是英国家喻户晓的编剧。著有《女人的起源》、《孩子的起源》等。 | |
| 320 | @a有书目 (第243-244页) | |
| 330 | @a本书首次为女性在人类演化史中的平等地位据理力争。它开一代风气之先,力图解开人类,特别是女性的演化和起源之谜;而它提供的答案,则从女性的角度对人类演化史做出了推测性的重构,极富革命性和破坏力。它从女性视角出发,直指向大男子主义的泰山学派,为大家讲述了一段崭新的属于女人的人类起源故事。 | |
| 333 | @a妇女史学研究人员及相关读者。 | |
| 410 | 0 | @12001 @a新知文库@v68 |
| 500 | 10 | @aDescent of woman@mChinese |
| 606 | 0 | @a妇女问题@AFu Nv Wen Ti@x研究 |
| 690 | @aC913.68@v5 | |
| 701 | 1 | @a摩根@Amo gen@g(Morgan, Elaine),@f1920-2013@4著 |
| 702 | 0 | @a刘筠@Aliu jun@4译 |
| 801 | 0 | @aCN@b北京新华书店首都发行所有限公司@c20161117 |
| 905 | @aBZT@dC913.68@e12 | |
| 女人的起源/(英) 伊莲·摩根著/刘筠译.-北京:生活·读书·新知三联书店,2016 |
| 244页;23cm.-(新知文库;68) |
| 使用对象:妇女史学研究人员及相关读者。 |
| ISBN 978-7-108-05689-4:CNY 32.00 |
| 本书首次为女性在人类演化史中的平等地位据理力争。它开一代风气之先,力图解开人类,特别是女性的演化和起源之谜;而它提供的答案,则从女性的角度对人类演化史做出了推测性的重构,极富革命性和破坏力。它从女性视角出发,直指向大男子主义的泰山学派,为大家讲述了一段崭新的属于女人的人类起源故事。 |
| ● |
| 相关链接 |
|
|
|
正题名:女人的起源
索取号:C913.68/12
 
预约/预借
| 序号 | 登录号 | 条形码 | 馆藏地/架位号 | 状态 | 备注 |
| 1 | 865783 | 2000865783 | 第二书库/ [索取号:C913.68/12] | 在馆 | |
| 2 | 865784 | 2000865784 | 第二书库/ [索取号:C913.68/12] | 在馆 | |
| 3 | 865785 | 2000865785 | 第二书库/ [索取号:C913.68/12] | 在馆 |